2017 Movies by Screenshot - Statistics

General Stats
  • This quiz has been taken 947 times
  • The average score is 14 of 16
Answer Stats
Picture Answer % Correct
Beauty and the Beast
98%
Spider-Man: Homecoming
98%
Star Wars: The Last Jedi
98%
Cars 3
96%
Jumanji: Welcome to the Jungle
96%
Wonder Woman
95%
Logan
94%
Thor: Ragnarok
93%
Despicable Me 3
91%
Guardians of the Galaxy Vol. 2
90%
Coco
86%
Justice League
80%
The Fate of the Furious
73%
Get Out
71%
Dunkirk
55%
The Shape of Water
47%
No matching quizzes found
Score Distribution
Percent of People with Each Score
Percentile by Number Answered
Your Score History
You have not taken this quiz